000 00243nam a2200097Ia 4500
005 20251222114357.0
008 251222s1900||||xx |||||||||||||| ||spa||
082 _aDVD0124/J62/2003
245 0 _aJoaquĆ­n Sabina y viceversa (en vivo):
942 _cDVD
999 _c1469
_d1469